| 000 | 00000nam##2200000za#4500 |
| 001 | 9.641351 |
| 003 | CaOODSP |
| 005 | 20220818080252 |
| 007 | cr ||||||||||| |
| 008 | 150407|2010||||xxc|||||o f|0| 0 fre|d |
| 040 | |aCaOODSP|bfre |
| 043 | |an-cn--- |
| 086 | 1 |aIP54-48/2010F-PDF |
| 110 | 2 |aCommissariat à la protection de la vie privée du Canada. |
| 245 | 10|aDocument d'orientation - divulgation de renseignements personnels par voie électronique dans les décisions des tribunaux administratifs : |h[ressource électronique]|bce que les tribunaux administratifs devraient prendre en considération lorsqu'ils songent à publier leurs décisions sur Internet |
| 260 | |aOttawa - Ontario : |bCommissariat à la protection de la vie privée du Canada |cFévrier 2010. |
| 300 | |a6p. |
| 590 | |a13-03-Supp|b2013-02-11 |
| 691 | 07|aRenseignements personnels|2gcpds |
| 691 | 07|aTechnologie de l'information|2gcpds |
| 775 | 08|tGuidance document - electronic disclosure of personal information in the decisions of administrative tribunals : |w(CaOODSP)9.697291 |
| 856 | 40|ahttp://publications.gc.ca|qPDF|s129 Ko|uhttps://publications.gc.ca/collections/collection_2013/priv/IP54-48-2010-fra.pdf |